LIMITES DE SONORA, SINALOA Y CALIFORNIA 1790

Guardat en:
Dades bibliogràfiques
Autor principal: Molina Molina, Flavio (autor)
Format: Llibre
Etiquetes: Afegir etiqueta
Sense etiquetes, Sigues el primer a etiquetar aquest registre!

MARC

LEADER 00000nam^a2200000^a^4500
001 000208989
005 20250521000000.0
009 20260310103308.285
035 |a 025748 
037 |a Acervo Xavier Clavigero 
082 |a 937. 3  |b MOL 
100 |a Molina Molina, Flavio  |e (autor) 
245 1 0 |a LIMITES DE SONORA, SINALOA Y CALIFORNIA 1790 
264 |a MEXICO :  |b IMPRESORA, S.A.,  |c 1979 
336 |a texto  |b txt  |2 rdacontenido 
337 |a sin mediación  |b n  |2 rdamedio 
338 |a volumen  |b nc  |2 rdasoporte 
649 |a XX 
910 |a Fondo General 
920 |a Impresos - Libros 
930 |a Colección General 
905 |a 101 
901 |a 025748  |b IT1  |c ACC  |i 025748  |u 20250521 
902 |a https://opac.biblio.iteso.mx/vufind/Record/000208989